| 000 | 00833nam a2200217 a 4500 | ||
|---|---|---|---|
| 001 | 000029679 | ||
| 005 | 20200930055726.0 | ||
| 008 | 110425s1985 dr 000 0 spa d | ||
| 040 |
_aDO-SdBNP _bspa _cBNPHU |
||
| 082 |
_axxx _bN718a |
||
| 110 | 1 |
_aRepública Dominicana _bSecretaría de Estado de Deportes, Educación Física y Recreación _936997 |
|
| 245 | 1 | 3 |
_aEl niño en el agua, comportamiento pedagógico : _bnatación / _cSerge Astol...[et. al.]. |
| 260 |
_aSanto Domingo : _bSecretaría de Estado de Deportes, Educación Física y Recreación, _c1985. |
||
| 300 |
_a11 p. ; _c23 cm. |
||
| 490 | 1 |
_aFicha Técnica y Pedagógica _vno. 22 |
|
| 700 | 1 |
_aAstol, Serge _956477 |
|
| 700 | 1 |
_aAudureau, Claude _956478 |
|
| 700 | 1 |
_aCatteau, Raymond _956479 |
|
| 830 | 0 |
_aFicha Técnica y Pedagógica _nno. 22 _956480 |
|
| 049 | _aBNPD | ||
| 999 |
_c29171 _d29171 |
||